Un ragazzo italiano /
Si può essere morti e avere ancora bisogno di parlare; e allora si può tentare di farlo, in un ultimo sforzo disperato, per provare ad alleviare la sofferenza di quelli che sono ancora vivi. Anche se forse si parla senza alcuna possibilità di essere ascoltati. Questa è la storia di Luca, giovane uom...
Đã lưu trong:
| Tác giả chính: | |
|---|---|
| Tác giả khác: | |
| Định dạng: | Sách |
| Ngôn ngữ: | Tiếng Italy |
| Được phát hành: |
Parma :
U. Guanda,
[2007!
|
| Loạt: | Narratori della fenice
|
| Các nhãn: |
Không có thẻ, Là người đầu tiên thẻ bản ghi này!
|
MARC
| LEADER | 00000nam a22000007i 4500 | ||
|---|---|---|---|
| 001 | IT\ICCU\RAV\1536692 | ||
| 003 | ItRI | ||
| 005 | 20250828213531.0 | ||
| 008 | 070403s2007 it |||||| ||||| |||||c | ||
| 020 | |a 9788882467159 | ||
| 040 | |b ita |c CDM | ||
| 041 | 7 | |a ita |2 ISO-639-2 | |
| 082 | |a 843.92 |2 21 | ||
| 100 | 1 | |a Besson, Philippe |0 IT\ICCU\LO1V\209418 |4 aut | |
| 240 | 1 | 3 | |a Un garçon d'Italie. |9 Besson, Philippe |
| 245 | 1 | 3 | |a Un ragazzo italiano / |c Philippe Besson ; traduzione di Francesco Bruno. |
| 260 | |a Parma : |b U. Guanda, |c [2007! | ||
| 300 | |a 188 p. ; |c 22 cm. | ||
| 520 | |a Si può essere morti e avere ancora bisogno di parlare; e allora si può tentare di farlo, in un ultimo sforzo disperato, per provare ad alleviare la sofferenza di quelli che sono ancora vivi. Anche se forse si parla senza alcuna possibilità di essere ascoltati. Questa è la storia di Luca, giovane uomo ritrovato morto in riva all'Arno, probabilmente annegato per ragioni misteriose che nemmeno la polizia riesce a chiarire. Ma è anche la storia delle due persone che più di tutte gli sono state vicine quando era in vita: Anna, la sua amante, che deve sopravvivere al dolore della sua perdita e che cercando di comprenderne le ragioni scoprirà delle verità insospettabili sulla sua vita. E poi Leo, la terza misteriosa figura di questo romanzo, che a poco a poco rivelerà tutti i segreti di questo strano ménage a troix, raccontando una storia di marginalità ma anche di amore, una vicenda che chiama in causa la più profonda autenticità dei sentimenti umani, siano essi quelli normali, che il mondo conosce, o siano invece sentimenti diversi e inconfessabili, che il mondo disprezza, ma a cui non potrà mai negare una legittimità che pesca nel cuore più intimo dell'essere uomini. | ||
| 700 | 1 | |a Bruno, Francesco, |0 IT\ICCU\PALV\027046 |4 trl | |
| 830 | 0 | |a Narratori della fenice |0 IT\ICCU\ANA\0226784 | |
| 942 | |2 ddc |c BK | ||
| 952 | |0 0 |1 0 |2 ddc |4 0 |6 843_920000000000000_BES_RAG |7 1 |9 1896 |a RA |b RA |d 2024-09-06 |l 0 |o 843.92 BES RAG |p 9493 |r 2024-09-06 10:07:54 |w 2024-09-06 |y BK |z Donazione di Pietro Brentini | ||
| 952 | |0 0 |1 0 |2 ddc |4 0 |6 B_LNR02BESPHRAG11 |7 0 |9 9200 |a MI |b MI |d 2013-06-19 |i 5899 |l 0 |o B-LNR02-BESPH-RAG11 |p CDOM5899 |r 2025-07-17 21:50:47 |w 2025-07-17 |x DONO |y BK | ||
| 981 | 1 | |6 z01 |a i |b xxxe | |
| 982 | 1 | |6 z01 |a n | |
| 999 | |c 1674 |d 1674 | ||